banner-ar

FRACTALS AND CHAOS IN GEOLOGY AND GEOPHYSICS / (Record no. 20788)

MARC details
000 -الفاتح
حقل البيانات ثابتة الطول 00518nam a2200193Ia 4500
008 - عناصر البيانات ثابتة الطول - معلومات عامة
حقل البيانات ثابتة الطول 140319s9999 xx 000 0 eng d
040 ## - مصدر الفهرسة
وكالة الفهرسة الأصلية GCL /
وكالة النسخ GCL
082 04 - رقم تصنيف ديوى العشرى
رقم التصنيف 550.151474
رقم المادة T F
100 1# - المدخل الرئيسى - إسم شخصى
الإسم الشخصى TURCOTTE, DONALD L.
245 10 - بيان العنوان
العنوان FRACTALS AND CHAOS IN GEOLOGY AND GEOPHYSICS /
بيان المسئوليه,etc TURCOTTE, DONALD L.
260 ## - PUBLICATION, DISTRIBUTION, ETC. (IMPRINT)
تاريخ النشر أو التوزيع 1992
300 ## - الوصف المادى
التعداد 221 P
650 04 - المدخل الاضافى بالموضوع-مصطلح موضوعى
مصطلح موضوعي FRACTALS
650 04 - المدخل الاضافى بالموضوع-مصطلح موضوعى
مصطلح موضوعي MATHEMATICS
650 04 - المدخل الاضافى بالموضوع-مصطلح موضوعى
مصطلح موضوعي GEOLOGY
650 04 - المدخل الاضافى بالموضوع-مصطلح موضوعى
مصطلح موضوعي GEOPHYSICS
942 ## - عناصر المدخل الإضافي( كوها)
مصدر التصنيف او مخطط الترفيف Dewey Decimal Classification
Koha [default] item type كتاب
260 ## - PUBLICATION, DISTRIBUTION, ETC. (IMPRINT)
-- [S.N] :
-- COMBRIDGE UNIVERSITY PRESS ،
Holdings
حالة التراجع حالة الفقد حالة تلف ليس للاعارة المكان المؤقت الموقع الحالى تاريخ الاكتساب اجمالي اﻻعارات رقم الطلب الباركود تاريخ اخر مشاهدة تاريخ تفعيل السعر نوع وعاء كوها
        مكتبة القاهرة الكبرى مكتبة القاهرة الكبرى 03/26/2014   550.151474\T F 38778 03/26/2014 03/26/2014 كتاب

Powered By

EGPV